<?xml version="1.0" encoding="UTF-8"?>
<collection xmlns="http://www.loc.gov/MARC21/slim">
 <record>
  <leader>00361pamaa2200133   4500</leader>
  <controlfield tag="001">0000016958</controlfield>
  <controlfield tag="005">20070125090000.0</controlfield>
  <datafield tag="020" ind1="0" ind2="0">
   <subfield code="a">0156847191 </subfield>
  </datafield>
  <datafield tag="090" ind1="0" ind2="0">
   <subfield code="a">PT2670.O36 </subfield>
   <subfield code="b">JOH 1963</subfield>
  </datafield>
  <datafield tag="100" ind1="1" ind2="0">
   <subfield code="a">JOHNSON </subfield>
  </datafield>
  <datafield tag="245" ind1="1" ind2="0">
   <subfield code="a">Speculations about Jakob  </subfield>
   <subfield code="c">Uwe Johnson ; Translated by Ursule Molinaro.</subfield>
  </datafield>
  <datafield tag="260" ind1="0" ind2="0">
   <subfield code="a">New York: </subfield>
   <subfield code="b">HBJ, Pub., </subfield>
   <subfield code="c">1963.</subfield>
  </datafield>
  <datafield tag="300" ind1=" " ind2=" ">
   <subfield code="a">240p.: </subfield>
   <subfield code="b">21cm.</subfield>
  </datafield>
  <datafield tag="650" ind1="0" ind2="0">
   <subfield code="a">fiction </subfield>
  </datafield>
 </record>
</collection>
